01246 a2200241 4500003000500000005001700005010001600022020001500038040000900053082001400062100002300076245009000099250001200189260004000201300002800241440006200269505043600331650001900767650002200786650003800808856008500846856007300931NUST20221122175135.0 a 00034881 a0070474281 cNust00a519.2,PEE1 aPeebles, Peyton Z.10aProbability, random variables, and random signal principles /cPeyton Z. Peebles, Jr. a4th ed. aNew York, NY :bMcGraw Hill,c2001. axviii, 462 p. :c25 cm. 0aMcGraw-Hill series in electrical and computer engineering aProbability (Page-1), The Random Variable (Page-41), Operations on one Random Variable Expectation (Page-77), Multiple Random Variable (Page-107), Operation on Multiple Random Variables (Page-141), Random Process Temporal Characteristics (Page-179), Random Process Spectral Characteristic (Page-220), Linear System with Random Input (Page-270), Optimum Linear System (Page-356), Some Practical Application of the Theory (Page-377). 0aProbabilities. 0aRandom variables. 0aSignal theory (Telecommunication)423Publisher descriptionuhttp://www.loc.gov/catdir/description/mh021/00034881.html423Table of contentsuhttp://www.loc.gov/catdir/toc/mh021/00034881.html